Cluster analysis

Αποθηκεύτηκε σε:
Λεπτομέρειες βιβλιογραφικής εγγραφής
Κύριος συγγραφέας: Aldenderfer, Mark S.
Άλλοι συγγραφείς: Blashfield, Roger K. 1944-
Μορφή: Βιβλίο
Γλώσσα:English
Δημοσίευση: Newbury Park : Sage Publications, c1984
Σειρά:Sage university papers series. Quantitative applications in the social sciences ; ; 44
Θέματα:
Ετικέτες: Προσθήκη ετικέτας
Δεν υπάρχουν, Καταχωρήστε ετικέτα πρώτοι!

MARC

LEADER 00000nam a2200000 i 4500
001 1/18650
008 981014s1984 eng d
020 |a 0-8039-2376-7 
035 |l 10066566 
040 |a GR-MY-UA  |b gre  |e aacr 
041 0 |a eng 
082 0 |a 519.535 
100 1 |a Aldenderfer, Mark S. 
245 1 0 |a Cluster analysis /  |c Mark S. Aldenderfer, Roger K. Blasshfield 
260 |a Newbury Park :   |b Sage Publications,   |c c1984 
300 |a 88 p.;  |b ill.;  |c 22 cm. 
490 1 |a Sage university papers. Quantitative applications in the social sciences  |v ; 44 
504 |a Includes bibliography (p. 84-87) 
650 0 0 |a Social sciences  |x Statistical methods. 
650 0 0 |a Cluster analysis. 
700 1 |a Blashfield, Roger K.  |d 1944- 
830 0 |a Sage university papers series. Quantitative applications in the social sciences ;  |v ; 44 
852 |a INST  |b LESVOS  |e 19981014  |h 519.535 ALD  |p 005100018464  |q 005100018464  |t BK  |y 0 
852 |a INST  |b SAMOS  |e 20010319  |h 519.535 ALD  |p 005300021303  |q 005300021303  |t BK  |y 0 
901 |a BIBL3-2001-1 
901 |a BIBL-1999-1 
909 |a Σ  |b 084769 
909 |a Λ  |b 059581 
922 |a 3ΕΛΗ  |b 200012  |c ΤΣΑΕ/ΚΒ  |d ΜΙΧΑΛΟΠΟΥΛΟΣ 
922 |a 1ΕΛΗ  |b 199809  |c ΚΠΣ/ΤΓ  |d ΠΑΠΑΣΩΤΗΡΙΟΥ 
950 |a 184-2000-09-12 
950 |a 118-1998-07-23 
970 |a ΚΟΣΙΕΡΗΣ  |b ΧΡΗΣΤΟΣ  |z 2001/03/20